| 000 | 00931nam a22002532 4500 | ||
|---|---|---|---|
| 001 | 0000019283 | ||
| 005 | 20151021151132.0 | ||
| 008 | 101023s xx 000 0 eng d | ||
| 020 | _a0789023407 : | ||
| 040 |
_aKABU _cKABU |
||
| 245 | 1 | 4 |
_aThe Global enterprise : _bentrepreneurship and value creation / _cRiad A. Ajami, Marcia Marie Bear; editors. |
| 250 | _a1st ed. | ||
| 260 |
_aNew York : _bInternational Business Press, _c2007. |
||
| 300 | _axxxvi, 353 p. | ||
| 650 | 0 |
_aInternational business enterprises _xManagement. _@0000150891 |
|
| 650 | 0 |
_aInternational business enterprises _xTechnological innovations. _@0000178973 |
|
| 650 | 0 |
_aKnowledge management. _@0000150510 |
|
| 650 | 0 |
_aValue added. _@0000178974 |
|
| 700 | 1 |
_aAjami, Riad A. _@0000178975 |
|
| 700 | 1 |
_aBear, Marcia Marie. _@0000178976 |
|
| 852 | 1 | _9p4550 KES | |
| 908 | _a101023 | ||
| 950 | _@1 | ||
| 999 |
_c1038 _d1038 |
||